[Event "Druga liga CS - Zapad 2018"]
[Site "?"]
[Date "2018.09.08"]
[Round "2.1"]
[White "Dimitrijevic, Milorad"]
[Black "Begus, Drasko"]
[Result "1-0"]
[WhiteElo "2229"]
[BlackElo "2269"]
[PlyCount "67"]
[EventDate "2018.09.07"]
[WhiteTeam "BAJINA BASTA - Bajina basta"]
[BlackTeam "KRUPANJSKI SK - Krupanj"]

1. e4 c5 2. Nf3 Nc6 3. c4 e5 4. Nc3 d6 5. Be2 g6 6. O-O Bg7 7. d3 Nge7 8. Ne1
O-O 9. Be3 h6 10. Qd2 g5 11. g3 Ng6 12. Bh5 Nf4 13. Bf3 Bh3 14. Bg2 Nxg2 15.
Nxg2 f5 16. f4 gxf4 17. gxf4 Kh7 18. Rf3 Bxg2 19. Kxg2 exf4 20. Bxf4 Qd7 21.
Raf1 Nd4 22. Rh3 Rf6 23. Nd5 Rg6+ 24. Rg3 fxe4 25. Rxg6 Kxg6 26. dxe4 Rg8 27.
Qd3 Be5 28. Bxe5 dxe5 29. Nf6 Kf7+ 30. Nxg8+ Kxg8 31. Qg3+ Kh7 32. Qxe5 b6 33.
h3 a5 34. Qf6 1-0

[Event "Druga liga CS - Zapad 2018"]
[Site "?"]
[Date "2018.09.08"]
[Round "2.1"]
[White "Ljubinkovic, Miodrag"]
[Black "Kurcubic, Jelenko"]
[Result "1-0"]
[WhiteElo "2222"]
[BlackElo "2094"]
[PlyCount "27"]
[EventDate "2018.09.07"]
[WhiteTeam "KRUPANJSKI SK - Krupanj"]
[BlackTeam "BAJINA BASTA - Bajina basta"]

1. d4 d5 2. Nf3 Nf6 3. c3 c6 4. Bf4 Bf5 5. Qb3 Qb6 6. Nbd2 Nbd7 7. h3 e6 8. e3
Be7 9. Be2 O-O 10. Ne5 a5 11. g4 Qxb3 12. axb3 Nxe5 13. dxe5 Be4 14. f3 1-0

[Event "Druga liga CS - Zapad 2018"]
[Site "?"]
[Date "2018.09.08"]
[Round "2.1"]
[White "Minic, Miroslav"]
[Black "Djuric, Zoran"]
[Result "1-0"]
[WhiteElo "2078"]
[BlackElo "2248"]
[PlyCount "59"]
[EventDate "2018.09.07"]
[WhiteTeam "BAJINA BASTA - Bajina basta"]
[BlackTeam "KRUPANJSKI SK - Krupanj"]

1. e4 e5 2. Nc3 Nf6 3. f4 d6 4. Nf3 Nc6 5. d4 exd4 6. Nxd4 Bd7 7. Be2 Qe7 8.
O-O g6 9. Nd5 Nxd5 10. exd5 Nxd4 11. Qxd4 f6 12. Bd3 Bg7 13. Bd2 O-O 14. Rae1
Qf7 15. Re2 Rfe8 16. Rfe1 Rxe2 17. Rxe2 b6 18. b3 a5 19. h3 Kf8 20. Qc3 Re8 21.
Qxc7 Qxd5 22. Qxd7 Rxe2 23. Bxe2 Qd4+ 24. Kh2 Bh6 25. Qd8+ Kg7 26. Qe7+ Kg8 27.
Qe3 Qxe3 28. Bxe3 d5 29. g3 Bf8 30. Bxb6 1-0

[Event "Druga liga CS - Zapad 2018"]
[Site "?"]
[Date "2018.09.08"]
[Round "2.1"]
[White "Isailovic, Goran"]
[Black "Jelisavcic, Srdjan"]
[Result "1/2-1/2"]
[WhiteElo "2189"]
[BlackElo "2077"]
[PlyCount "52"]
[EventDate "2018.09.07"]
[WhiteTeam "KRUPANJSKI SK - Krupanj"]
[BlackTeam "BAJINA BASTA - Bajina basta"]

1. e4 e5 2. Nf3 Nc6 3. d4 exd4 4. Bc4 Nf6 5. O-O Nxe4 6. Re1 d5 7. Bxd5 Qxd5 8.
Nc3 Qa5 9. Nxe4 Be6 10. Neg5 O-O-O 11. Nxe6 fxe6 12. Ng5 Bb4 13. Rxe6 Qf5 14.
Qd3 Rdf8 15. Qxf5 Rxf5 16. a3 Be7 17. Nf3 Bf6 18. Bd2 Rc5 19. Rc1 Kd7 20. Re4
Re8 21. Rxe8 Kxe8 22. Ne1 Ne5 23. f4 Nc4 24. Nd3 Rb5 25. Re1+ Kd7 26. Bc1 Rd5
1/2-1/2

[Event "Druga liga CS - Zapad 2018"]
[Site "?"]
[Date "2018.09.08"]
[Round "2.1"]
[White "Mijanovic, Dragan"]
[Black "Nedeljkovic, Milivoje"]
[Result "0-1"]
[WhiteElo "2040"]
[BlackElo "2027"]
[PlyCount "62"]
[EventDate "2018.09.07"]
[WhiteTeam "BAJINA BASTA - Bajina basta"]
[BlackTeam "KRUPANJSKI SK - Krupanj"]

1. d4 Nf6 2. Nf3 c5 3. d5 d6 4. c4 g6 5. Nc3 Bg7 6. e4 e6 7. dxe6 fxe6 8. Bf4
d5 9. cxd5 O-O 10. Qd2 exd5 11. e5 Nh5 12. Bg5 Qa5 13. Qxd5+ Kh8 14. h3 Nc6 15.
O-O-O Nf4 16. Qe4 Ne6 17. Be3 Ned4 18. Nxd4 cxd4 19. Bxd4 Be6 20. Bb5 Nxd4 21.
Rxd4 Bh6+ 22. Kd1 Rxf2 23. Qh4 Rxb2 24. Rd3 Bg7 25. Qe7 Bf5 26. Qxb7 Rd8 27.
Rd5 Bxe5 28. Re1 Bxc3 29. Re7 Rd2+ 30. Ke1 R2xd5+ 31. Kf2 Qb6+ 0-1

[Event "Druga liga CS - Zapad 2018"]
[Site "?"]
[Date "2018.09.08"]
[Round "2.1"]
[White "Radovanovic, Zoran S"]
[Black "Djordjevic, Edita"]
[Result "1/2-1/2"]
[WhiteElo "1919"]
[BlackElo "2030"]
[PlyCount "66"]
[EventDate "2018.09.07"]
[WhiteTeam "KRUPANJSKI SK - Krupanj"]
[BlackTeam "BAJINA BASTA - Bajina basta"]

1. e4 e5 2. Nf3 Nc6 3. Bb5 a6 4. Ba4 Nf6 5. O-O b5 6. Bb3 Be7 7. Re1 d6 8. c3
O-O 9. h3 Na5 10. Bc2 c5 11. d3 Qc7 12. Nbd2 Bd7 13. Nf1 Rfe8 14. Bg5 h6 15.
Bd2 Bf8 16. Ne3 Rad8 17. a4 c4 18. axb5 axb5 19. d4 Ra8 20. Nf1 Nc6 21. Rxa8
Rxa8 22. Qc1 Ne7 23. N3h2 Ng6 24. f4 exf4 25. Bxf4 Nxf4 26. Qxf4 Qb6 27. Ne3
Be6 28. d5 Bd7 29. Qf2 Ra2 30. Bb1 Ra6 31. Nf3 Qc5 32. Nd4 Ne8 33. Rf1 Nf6
1/2-1/2

[Event "Druga liga CS - Zapad 2018"]
[Site "?"]
[Date "2018.09.08"]
[Round "2.2"]
[White "Tojagic, Dane"]
[Black "Skakic, Zeljko"]
[Result "1/2-1/2"]
[WhiteElo "2275"]
[BlackElo "2249"]
[PlyCount "26"]
[EventDate "2018.09.07"]
[WhiteTeam "LOZNICA GRAD - Loznica"]
[BlackTeam "SMEDEREVSKI SK - Smederevo"]

1. d4 Nf6 2. c4 e6 3. Nf3 b6 4. g3 Bb7 5. Bg2 Be7 6. O-O O-O 7. d5 exd5 8. Nh4
c6 9. cxd5 Nxd5 10. Nf5 Nc7 11. e4 Ne6 12. Nc3 Na6 13. Qg4 Nac5 1/2-1/2

[Event "Druga liga CS - Zapad 2018"]
[Site "?"]
[Date "2018.09.08"]
[Round "2.2"]
[White "Stankovic, Dragan B"]
[Black "Ristanovic, Miroslav"]
[Result "1/2-1/2"]
[WhiteElo "2229"]
[BlackElo "2199"]
[PlyCount "30"]
[EventDate "2018.09.07"]
[WhiteTeam "SMEDEREVSKI SK - Smederevo"]
[BlackTeam "LOZNICA GRAD - Loznica"]

1. d4 Nf6 2. c4 g6 3. Nc3 Bg7 4. e4 d6 5. f4 c5 6. d5 e6 7. Nf3 exd5 8. cxd5
O-O 9. Be2 Re8 10. e5 dxe5 11. fxe5 Ng4 12. e6 fxe6 13. Bg5 Qb6 14. Qd2 e5 15.
d6 Kh8 1/2-1/2

[Event "Druga liga CS - Zapad 2018"]
[Site "?"]
[Date "2018.09.08"]
[Round "2.2"]
[White "Markovic, Dragan P"]
[Black "Mikluc, Davorin"]
[Result "1-0"]
[WhiteElo "2206"]
[BlackElo "2154"]
[PlyCount "161"]
[EventDate "2018.09.07"]
[WhiteTeam "LOZNICA GRAD - Loznica"]
[BlackTeam "SMEDEREVSKI SK - Smederevo"]

1. e4 c6 2. d4 d5 3. exd5 cxd5 4. Bd3 Nc6 5. c3 g6 6. Bf4 Bg7 7. Nf3 Nf6 8. h3
O-O 9. Nbd2 Re8 10. O-O Nh5 11. Bh2 e5 12. dxe5 Nxe5 13. Nxe5 Bxe5 14. Bxe5
Rxe5 15. Nf3 Re8 16. Re1 Rxe1+ 17. Qxe1 Be6 18. Qe3 Qf6 19. a3 a6 20. Rd1 Nf4
21. Bf1 Nh5 22. g3 Ng7 23. Bg2 Nf5 24. Qf4 Qe7 25. Nd4 Nd6 26. Re1 Qd7 27. Kh2
Nc4 28. Re2 Re8 29. Qf6 Na5 30. Qf4 Nc6 31. Nc2 Rd8 32. Rd2 Qe7 33. Ne3 Qc5 34.
Qf6 Qe7 35. Qf4 Qc5 36. Nc2 b5 37. Qc7 Qd6 38. Qxd6 Rxd6 39. Nb4 Nxb4 40. axb4
Kf8 41. Rd4 Ke7 42. g4 h6 43. Kg3 f5 44. gxf5 gxf5 45. Kf4 Kf6 46. Ke3 Rd7 47.
Kf4 Rd8 48. Bf3 Rd7 49. Rd1 Bf7 50. Be2 Rd8 51. Rd4 Be6 52. Ke3 Ke5 53. Rh4 Rh8
54. Bf1 Rh7 55. Bd3 Rh8 56. Rh5 Rh7 57. Rh4 Rh8 58. Bf1 Rh7 59. Bg2 Rh8 60. Rd4
Ra8 61. f4+ Kd6 62. Kf2 h5 63. Rd1 h4 64. Ra1 Bc8 65. Rd1 Be6 66. Rd3 Rb8 67.
Rd4 Rc8 68. Rd1 Rg8 69. Ra1 Bc8 70. Bf3 Rg3 71. Rh1 Bb7 72. Rg1 Rxh3 73. Rg6+
Kc7 74. Kg2 Rg3+ 75. Rxg3 hxg3 76. Kxg3 Kd6 77. Kh4 Bc6 78. Kg5 d4 79. Bxc6
dxc3 80. bxc3 Kxc6 81. Kxf5 1-0

[Event "Druga liga CS - Zapad 2018"]
[Site "?"]
[Date "2018.09.08"]
[Round "2.2"]
[White "Strakos, Dalibor"]
[Black "Milovanovic, Nenad"]
[Result "1/2-1/2"]
[WhiteElo "2193"]
[BlackElo "2147"]
[PlyCount "92"]
[EventDate "2018.09.07"]
[WhiteTeam "SMEDEREVSKI SK - Smederevo"]
[BlackTeam "LOZNICA GRAD - Loznica"]

1. d4 d6 2. Nf3 Nf6 3. Bg5 Nbd7 4. e3 g6 5. Bc4 Bg7 6. O-O O-O 7. c3 c6 8. Nbd2
Nb6 9. Bb3 Bg4 10. Re1 d5 11. h3 Bf5 12. Rc1 a5 13. a3 Nc8 14. c4 dxc4 15. Nxc4
Ne4 16. Bf4 Be6 17. Ncd2 Nxd2 18. Nxd2 Bxb3 19. Qxb3 Qb6 20. Qa2 Nd6 21. Nb3
Rfe8 22. Nc5 Rad8 23. Nd3 Ne4 24. Rc2 Qb5 25. Nc5 Nxc5 26. Rxc5 Qb6 27. b4 axb4
28. axb4 e6 29. Qa5 Qxa5 30. bxa5 Bf8 31. Rc2 Bd6 32. Bxd6 Rxd6 33. Rb1 Rd7 34.
Rcb2 Ra8 35. Rxb7 Rxb7 36. Rxb7 Rxa5 37. Rc7 Ra1+ 38. Kh2 Rc1 39. g4 g5 40. Kg3
Rc3 41. h4 h6 42. hxg5 hxg5 43. Kf3 Rc2 44. e4 Rc4 45. Ke3 Kg7 46. Kd3 Rc1
1/2-1/2

[Event "Druga liga CS - Zapad 2018"]
[Site "?"]
[Date "2018.09.08"]
[Round "2.2"]
[White "Osatovic, Aleksandar"]
[Black "Tomic, Slobodan"]
[Result "1-0"]
[WhiteElo "2169"]
[BlackElo "1964"]
[PlyCount "97"]
[EventDate "2018.09.07"]
[WhiteTeam "LOZNICA GRAD - Loznica"]
[BlackTeam "SMEDEREVSKI SK - Smederevo"]

1. d4 Nf6 2. c4 e6 3. Nf3 d5 4. cxd5 exd5 5. Nc3 Be7 6. Bg5 O-O 7. Qc2 c6 8. e3
h6 9. Bh4 Ne4 10. Bg3 Bf5 11. Bd3 Nxg3 12. hxg3 Be6 13. O-O-O Nd7 14. Kb1 Rc8
15. Bf5 Bf6 16. Bxe6 fxe6 17. Qg6 Qe8 18. Rxh6 Qxg6+ 19. Rxg6 e5 20. dxe5 Nxe5
21. Nxe5 Bxe5 22. Rd2 Bxc3 23. bxc3 Rce8 24. Rg4 Rf7 25. Kc2 b6 26. Rf4 Rfe7
27. a4 Rb7 28. Kd3 Reb8 29. Ra2 a5 30. Kd4 Rd7 31. Rb2 Rdb7 32. g4 Rd8 33. g3
Rdb8 34. Ke5 Rd8 35. Ke6 b5 36. Rd4 Rb6 37. Ke7 Rdb8 38. axb5 Rxb5 39. Ra2 Rb3
40. c4 R8b4 41. Rxa5 Rb2 42. cxd5 Rxd4 43. exd4 cxd5 44. f4 Rb3 45. Rxd5 Rxg3
46. g5 Re3+ 47. Re5 Rf3 48. f5 Kh7 49. d5 1-0

[Event "Druga liga CS - Zapad 2018"]
[Site "?"]
[Date "2018.09.08"]
[Round "2.2"]
[White "Isak, Igor G"]
[Black "Simic, Goran S"]
[Result "1/2-1/2"]
[WhiteElo "2004"]
[BlackElo "2068"]
[PlyCount "44"]
[EventDate "2018.09.07"]
[WhiteTeam "SMEDEREVSKI SK - Smederevo"]
[BlackTeam "LOZNICA GRAD - Loznica"]

1. d4 d5 2. Nf3 Nf6 3. c4 e6 4. Nc3 Be7 5. g3 O-O 6. Bg2 b6 7. cxd5 exd5 8. O-O
Bb7 9. Bf4 c6 10. Rc1 Nbd7 11. a3 Re8 12. Re1 Nf8 13. Ne5 Ng6 14. Nxg6 hxg6 15.
b4 Bd6 16. Qd2 a5 17. Rb1 axb4 18. axb4 b5 19. Bxd6 Qxd6 20. e3 Ra3 21. Ne2
Rea8 22. Nf4 Bc8 1/2-1/2

[Event "Druga liga CS - Zapad 2018"]
[Site "?"]
[Date "2018.09.08"]
[Round "2.2"]
[White "Gajic, Aleksandar"]
[Black "Mijatovic, Pavle"]
[Result "1-0"]
[WhiteElo "1865"]
[BlackElo "2029"]
[PlyCount "65"]
[EventDate "2018.09.07"]
[WhiteTeam "LOZNICA GRAD - Loznica"]
[BlackTeam "SMEDEREVSKI SK - Smederevo"]

1. c4 Nf6 2. Nc3 g6 3. e4 d6 4. g3 Bg7 5. Bg2 O-O 6. Nge2 e5 7. O-O Be6 8. d3
Nbd7 9. h3 Ne8 10. f4 exf4 11. gxf4 f5 12. exf5 Bxf5 13. Ng3 c6 14. Nxf5 Rxf5
15. Be4 Rh5 16. Qf3 Ndf6 17. f5 Nxe4 18. dxe4 Qh4 19. Kg2 Nf6 20. fxg6 hxg6 21.
Bf4 Rd8 22. Rad1 Bf8 23. e5 dxe5 24. Rxd8 exf4 25. Ne2 Rg5+ 26. Kh1 Nh5 27. Rg1
Ng3+ 28. Kh2 Rh5 29. Rxf8+ Kxf8 30. Nxf4 Rf5 31. Nxg6+ Kg7 32. Nxh4 Rxf3 33.
Nxf3 1-0

[Event "Druga liga CS - Zapad 2018"]
[Site "?"]
[Date "2018.09.08"]
[Round "2.3"]
[White "Stojanovic, Marko"]
[Black "Tomic, Aleksandar"]
[Result "0-1"]
[WhiteElo "2263"]
[BlackElo "2293"]
[PlyCount "50"]
[EventDate "2018.09.07"]
[WhiteTeam "SLOGA - Lipnicki sor"]
[BlackTeam "ARANDJELOVACKI SK - Arandjelovac"]

1. Nc3 c5 2. e4 a6 3. Nf3 e6 4. d4 cxd4 5. Nxd4 Qc7 6. Be3 Nf6 7. Qd2 Bb4 8. f3
d5 9. exd5 Nxd5 10. Nde2 Nxe3 11. Qxe3 O-O 12. O-O-O Bc5 13. Qd2 Nc6 14. Ne4
Rd8 15. Qg5 Rxd1+ 16. Kxd1 Be7 17. Qg4 Qd8+ 18. Kc1 g6 19. Qh3 e5 20. g4 f5 21.
N4c3 Bg5+ 22. Kb1 Qd2 23. Bg2 Nd4 24. Nxd4 exd4 25. Rd1 dxc3 0-1

[Event "Druga liga CS - Zapad 2018"]
[Site "?"]
[Date "2018.09.08"]
[Round "2.3"]
[White "Brkljaca, Ante"]
[Black "Ilic, Zdravko"]
[Result "1/2-1/2"]
[WhiteElo "2280"]
[BlackElo "2163"]
[PlyCount "28"]
[EventDate "2018.09.07"]
[WhiteTeam "ARANDJELOVACKI SK - Arandjelovac"]
[BlackTeam "SLOGA - Lipnicki sor"]

1. d4 Nf6 2. Nf3 g6 3. c4 c5 4. Nc3 cxd4 5. Nxd4 Nc6 6. e4 d6 7. Be2 Bg7 8. Be3
O-O 9. O-O Bd7 10. Qd2 Ng4 11. Bxg4 Bxg4 12. Nxc6 bxc6 13. Bh6 Qa5 14. Bxg7
Kxg7 1/2-1/2

[Event "Druga liga CS - Zapad 2018"]
[Site "?"]
[Date "2018.09.08"]
[Round "2.3"]
[White "Savic, Petar A"]
[Black "Vlajkovic, Stanko"]
[Result "0-1"]
[WhiteElo "2104"]
[BlackElo "2224"]
[PlyCount "156"]
[EventDate "2018.09.07"]
[WhiteTeam "SLOGA - Lipnicki sor"]
[BlackTeam "ARANDJELOVACKI SK - Arandjelovac"]

1. d4 Nf6 2. c4 d6 3. Nc3 g6 4. Nf3 Bg7 5. e4 O-O 6. Bd3 Nbd7 7. h3 e5 8. d5
Nh5 9. Bc2 h6 10. Be3 Nf4 11. Rg1 Qe7 12. Qd2 Nb6 13. b3 a5 14. a4 Bd7 15.
O-O-O Rfd8 16. Kb1 Be8 17. g3 Nxh3 18. Rh1 Bd7 19. Bxh6 Bf6 20. Ng1 Ng5 21. f3
Nh7 22. Qh2 Bh8 23. Bg5 f6 24. Be3 Rf8 25. g4 Rf7 26. Nge2 g5 27. Ng3 Rg7 28.
Qf2 Nc8 29. Nb5 Qd8 30. Rh6 Ne7 31. Rdh1 Ng6 32. Nh5 Nh4 33. Nxg7 Bxg7 34.
R6xh4 gxh4 35. Qxh4 Ng5 36. Nc3 Be8 37. Bxg5 fxg5 38. Qh7+ Kf8 39. Ne2 Qf6 40.
Ng3 Bg6 41. Qh3 Ke7 42. Qg2 Rf8 43. Nf5+ Bxf5 44. gxf5 Rh8 45. Rg1 Rh5 46. Bd1
Rh4 47. Qd2 b6 48. Qxg5 Qxg5 49. Rxg5 Bf6 50. Rg8 Rh2 51. Rg3 Kf7 52. Bc2 Bh4
53. Rg1 Bf2 54. Rd1 Bd4 55. f4 Kf6 56. fxe5+ Bxe5 57. Rg1 Bd4 58. Rf1 Be5 59.
Kc1 Bc3 60. Rf3 Bd4 61. Rg3 Kf7 62. Bd1 Bb2+ 63. Kb1 Be5 64. Rg1 Bd4 65. Rg3
Be5 66. Rd3 Kf6 67. Bf3 Kg5 68. Kc1 Kf4 69. Kd1 Rf2 70. Be2 Kxe4 71. Rh3 Kxf5
72. Rh7 Ke4 73. Ke1 Rg2 74. Kf1 Rg3 75. Bd1 Kd3 76. Kf2 Re3 77. Re7 Kd2 78. Bh5
Bd4 0-1

[Event "Druga liga CS - Zapad 2018"]
[Site "?"]
[Date "2018.09.08"]
[Round "2.3"]
[White "Cirakovic, Ivan"]
[Black "Rikalovic, Milan"]
[Result "1-0"]
[WhiteElo "2157"]
[BlackElo "2047"]
[PlyCount "58"]
[EventDate "2018.09.07"]
[WhiteTeam "ARANDJELOVACKI SK - Arandjelovac"]
[BlackTeam "SLOGA - Lipnicki sor"]

1. e4 e6 2. d4 d5 3. exd5 exd5 4. c4 dxc4 5. Bxc4 Nf6 6. Nf3 Bd6 7. O-O O-O 8.
h3 h6 9. Nc3 Nbd7 10. Nb5 Nb6 11. Nxd6 Qxd6 12. Bb3 Re8 13. Be3 Nbd5 14. Ne5
Be6 15. Qf3 Nh7 16. Bd2 f6 17. Nd3 Bf7 18. Nc5 b6 19. Ne4 Qd7 20. h4 Rad8 21.
Rfe1 a5 22. Rad1 Re7 23. Ng3 Rxe1+ 24. Rxe1 Nb4 25. Bxb4 axb4 26. Nf5 Re8 27.
Rxe8+ Qxe8 28. Qg3 Ng5 29. hxg5 hxg5 1-0

[Event "Druga liga CS - Zapad 2018"]
[Site "?"]
[Date "2018.09.08"]
[Round "2.3"]
[White "Jakovljevic, Ljubomir"]
[Black "Lekic, Miodrag"]
[Result "0-1"]
[WhiteElo "1905"]
[BlackElo "2208"]
[PlyCount "152"]
[EventDate "2018.09.07"]
[WhiteTeam "SLOGA - Lipnicki sor"]
[BlackTeam "ARANDJELOVACKI SK - Arandjelovac"]

1. e4 d6 2. Nf3 Nf6 3. Nc3 g6 4. d4 Bg7 5. Be2 O-O 6. O-O Nc6 7. h3 e5 8. Be3
Re8 9. dxe5 dxe5 10. Bb5 Bd7 11. Bg5 h6 12. Bxf6 Bxf6 13. Nd5 Bg7 14. c3 Nb8
15. Bc4 Be6 16. Qb3 Qc8 17. Ne3 Bxc4 18. Qxc4 Nd7 19. Nh2 c6 20. Rad1 b5 21.
Qe2 Nc5 22. Nc2 Qc7 23. b3 Ne6 24. g3 Rad8 25. Nf3 a5 26. Rxd8 Rxd8 27. Rd1
Rxd1+ 28. Qxd1 Nc5 29. Qe2 Qd7 30. Kg2 Qd3 31. Qxd3 Nxd3 32. Nd2 h5 33. Kf3 Bh6
34. Ne3 Nc1 35. a3 Kf8 36. b4 axb4 37. axb4 Na2 38. Nb1 Nc1 39. Nd2 Ke8 40. c4
Nd3 41. Ke2 Nxb4 42. cxb5 cxb5 43. Nb3 Bxe3 44. Kxe3 Kd7 45. Kd2 Kd6 46. Kc3
Nc6 47. Kd3 Nb4+ 48. Kc3 Na6 49. f3 f5 50. Nd2 Nc5 51. Kb4 Kc6 52. g4 fxg4 53.
fxg4 Nd3+ 54. Kc3 Nf4 55. gxh5 gxh5 56. h4 Ng6 57. Nf3 Kc5 58. Kb3 b4 59. Ng5
Nxh4 60. Ne6+ Kb5 61. Ng7 Nf3 62. Nxh5 Nd2+ 63. Kc2 Nxe4 64. Ng7 Nc5 65. Nf5
Kc4 66. Nd6+ Kd4 67. Nf5+ Ke4 68. Nd6+ Ke3 69. Nc4+ Kd4 70. Nd6 b3+ 71. Kb2 Kd3
72. Nf7 e4 73. Ne5+ Ke2 74. Kc3 Ke1 75. Nc4 Kd1 76. Kd4 Kc2 0-1

[Event "Druga liga CS - Zapad 2018"]
[Site "?"]
[Date "2018.09.08"]
[Round "2.3"]
[White "Ivanovic, Lazar"]
[Black "Acimovic, Radivoje"]
[Result "1/2-1/2"]
[WhiteElo "2076"]
[BlackElo "1985"]
[PlyCount "70"]
[EventDate "2018.09.07"]
[WhiteTeam "ARANDJELOVACKI SK - Arandjelovac"]
[BlackTeam "SLOGA - Lipnicki sor"]

1. d4 Nf6 2. Nf3 g6 3. c3 Bg7 4. Qc2 d6 5. e4 O-O 6. Bg5 Nbd7 7. Nbd2 a6 8. Bd3
e5 9. O-O Re8 10. Rfe1 c5 11. a4 b6 12. Rad1 Qc7 13. Bc4 Rb8 14. Qb3 Nf8 15.
dxe5 dxe5 16. Nf1 Ne6 17. Ne3 Bb7 18. Bxf6 Bxf6 19. Nd5 Bxd5 20. exd5 Nf4 21.
Bxa6 Qd7 22. h3 Qf5 23. Re3 e4 24. Nh2 h5 25. Bb5 Red8 26. Rde1 Bh4 27. Qc2
Nxd5 28. Rxe4 Kg7 29. Nf3 Bf6 30. R4e2 Qf4 31. Re4 Qf5 32. R4e2 Qf4 33. Qe4 Qc7
34. Ne5 Rd6 35. Bc4 Rbd8 1/2-1/2

[Event "Druga liga CS - Zapad 2018"]
[Site "?"]
[Date "2018.09.08"]
[Round "2.3"]
[White "Glisic, Luka"]
[Black "Lojovic, Matija"]
[Result "0-1"]
[WhiteElo "1435"]
[BlackElo "2129"]
[PlyCount "36"]
[EventDate "2018.09.07"]
[WhiteTeam "SLOGA - Lipnicki sor"]
[BlackTeam "ARANDJELOVACKI SK - Arandjelovac"]

1. d4 d5 2. c4 e6 3. Nc3 Nf6 4. Nf3 Be7 5. e3 O-O 6. Be2 Nbd7 7. O-O b6 8. b3
Bb7 9. Bb2 Ne4 10. Nxe4 dxe4 11. Nd2 Bd6 12. h3 Qg5 13. Re1 f5 14. Bf1 e5 15.
d5 Nc5 16. f3 exf3 17. Nxf3 Qg3 18. Nd2 e4 0-1

[Event "Druga liga CS - Zapad 2018"]
[Site "?"]
[Date "2018.09.08"]
[Round "2.4"]
[White "Jovanovic, Miroslav O"]
[Black "Ninov, Dayan"]
[Result "1/2-1/2"]
[WhiteElo "2096"]
[BlackElo "2255"]
[PlyCount "79"]
[EventDate "2018.09.07"]
[WhiteTeam "ZUPA - Aleksandrovac"]
[BlackTeam "KRUSEVAC - Krusevac"]

1. d4 g6 2. c4 Bg7 3. Nc3 c5 4. Nf3 cxd4 5. Nxd4 Nc6 6. e3 Nf6 7. Be2 O-O 8.
O-O Nxd4 9. Qxd4 d6 10. Bf3 Ng4 11. Qd2 a6 12. b3 Rb8 13. Bb2 b5 14. cxb5 axb5
15. Rfd1 b4 16. Ne4 Bxb2 17. Qxb2 Ne5 18. Be2 Bb7 19. Nd2 Qa5 20. Nc4 Nxc4 21.
Bxc4 Ra8 22. f3 Qg5 23. e4 Rfc8 24. Qd2 Qxd2 25. Rxd2 Ra3 26. Rb1 Kg7 27. Kf2
Rc5 28. Rbb2 f5 29. Bd5 Bxd5 30. Rxd5 Rxd5 31. exd5 Ra5 32. Rd2 g5 33. Ke3 Kf6
34. Kd4 Rc5 35. Re2 Kf7 36. Rd2 e5+ 37. dxe6+ Kxe6 38. Re2+ Kd7 39. Rd2 Ke6 40.
Re2+ 1/2-1/2

[Event "Druga liga CS - Zapad 2018"]
[Site "?"]
[Date "2018.09.08"]
[Round "2.4"]
[White "Jovicic, Radosav"]
[Black "Jovanovic, Obrad"]
[Result "1-0"]
[WhiteElo "2219"]
[BlackElo "2077"]
[PlyCount "83"]
[EventDate "2018.09.07"]
[WhiteTeam "KRUSEVAC - Krusevac"]
[BlackTeam "ZUPA - Aleksandrovac"]

1. d4 d5 2. Nf3 Nf6 3. c4 c6 4. Nc3 dxc4 5. g3 Bf5 6. Bg2 e6 7. Ne5 Bb4 8. Nxc4
Ne4 9. Qb3 a5 10. O-O Nd6 11. Nd2 O-O 12. a3 Bxc3 13. bxc3 a4 14. Qa2 Nd7 15.
e4 Bg6 16. Bb2 Re8 17. f4 h6 18. Rfe1 Rb8 19. Rad1 Bh5 20. Rc1 Qc7 21. h3 Bg6
22. g4 Bh7 23. e5 Nc8 24. c4 Ne7 25. Kh1 Ng6 26. Rf1 Nh4 27. Be4 f5 28. Bd3 Qd8
29. Qb1 Nf8 30. Kh2 fxg4 31. hxg4 Nhg6 32. Nf3 Nxf4 33. Bxh7+ Nxh7 34. Qe4 Rf8
35. Kg3 b5 36. Bc3 bxc4 37. Bd2 Nd5 38. Rxc4 Rb3 39. Rxc6 Qe7 40. Qg6 Qxa3 41.
Qxe6+ Kh8 42. Qxd5 1-0

[Event "Druga liga CS - Zapad 2018"]
[Site "?"]
[Date "2018.09.08"]
[Round "2.4"]
[White "Djukic, Sinisa"]
[Black "Djokic, Slavoljub"]
[Result "0-1"]
[WhiteElo "2039"]
[BlackElo "2122"]
[PlyCount "94"]
[EventDate "2018.09.07"]
[WhiteTeam "ZUPA - Aleksandrovac"]
[BlackTeam "KRUSEVAC - Krusevac"]

1. d4 c5 2. Nf3 cxd4 3. Nxd4 Nf6 4. g3 g6 5. Bg2 Bg7 6. O-O O-O 7. c3 Nc6 8. b3
d5 9. Bb2 e5 10. Nxc6 bxc6 11. c4 e4 12. Qc2 Be6 13. Na3 a5 14. Rfd1 Qb6 15.
Bd4 Qb7 16. Rac1 a4 17. Nb1 axb3 18. axb3 Rfb8 19. Nd2 Nh5 20. Bxg7 Nxg7 21. e3
Nf5 22. Qc3 h5 23. h4 Ra2 24. Ra1 Rba8 25. Rxa2 Rxa2 26. Ra1 Rxa1+ 27. Qxa1 Qb4
28. Qc1 Nh6 29. Bf1 Ng4 30. Be2 Ne5 31. Kg2 Bg4 32. Bxg4 hxg4 33. cxd5 Nd3 34.
Qd1 cxd5 35. Kg1 Qc3 36. Kf1 Nb2 37. Qe2 Qc1+ 38. Kg2 Qc2 39. Qb5 Nd3 40. Qa5
Qd1 41. Qd8+ Kg7 42. Qxd5 Qxd2 43. Qd4+ f6 44. Qd7+ Kh6 45. Qe8 Qxf2+ 46. Kh1
Qf1+ 47. Kh2 Qh3+ 0-1

[Event "Druga liga CS - Zapad 2018"]
[Site "?"]
[Date "2018.09.08"]
[Round "2.4"]
[White "Djordjevic, Gradimir"]
[Black "Bojovic, Zoran"]
[Result "0-1"]
[WhiteElo "2003"]
[BlackElo "2087"]
[PlyCount "110"]
[EventDate "2018.09.07"]
[WhiteTeam "KRUSEVAC - Krusevac"]
[BlackTeam "ZUPA - Aleksandrovac"]

1. c4 Nf6 2. Nc3 g6 3. g3 Bg7 4. Bg2 O-O 5. d4 d6 6. e4 Nbd7 7. Nge2 e5 8. dxe5
dxe5 9. h3 Nc5 10. O-O c6 11. Be3 Qe7 12. Qc2 Rd8 13. Rfd1 Be6 14. Rxd8+ Rxd8
15. Na4 Nxa4 16. Qxa4 b6 17. Nc3 Bf8 18. Rd1 Rxd1+ 19. Nxd1 Qb4 20. Qxb4 Bxb4
21. b3 Nd7 22. Kf1 Nc5 23. Ke2 a5 24. Nb2 b5 25. cxb5 cxb5 26. Nd3 Na6 27. Bd2
Bxd2 28. Kxd2 f6 29. f4 exf4 30. gxf4 Kf7 31. h4 h6 32. e5 Bf5 33. Bd5+ Ke7 34.
Bb7 Nc7 35. Nc5 fxe5 36. fxe5 Ne6 37. Ne4 b4 38. Nd6 Bb1 39. Kc1 Bd3 40. Kd2
Nc5 41. Bd5 g5 42. hxg5 hxg5 43. Nc4 Bxc4 44. Bxc4 Nd7 45. e6 Nc5 46. Ke3 Nxe6
47. Ke4 Kf6 48. Be2 Nc7 49. Kd4 Ke6 50. Kc5 Ke5 51. Bf3 Ne6+ 52. Kb6 Nd4 53.
Bd1 Kd5 54. Kxa5 Kc5 55. Ka4 Nb5 0-1

[Event "Druga liga CS - Zapad 2018"]
[Site "?"]
[Date "2018.09.08"]
[Round "2.4"]
[White "Djukic, Sasa"]
[Black "Zajic, Milun"]
[Result "0-1"]
[WhiteElo "1993"]
[BlackElo "2006"]
[PlyCount "72"]
[EventDate "2018.09.07"]
[WhiteTeam "ZUPA - Aleksandrovac"]
[BlackTeam "KRUSEVAC - Krusevac"]

1. d4 Nf6 2. Bg5 d5 3. Nf3 e6 4. c3 Be7 5. Bxf6 Bxf6 6. Nbd2 b6 7. e4 dxe4 8.
Nxe4 Be7 9. Bd3 Bb7 10. Qe2 Nd7 11. Ba6 Qc8 12. Bxb7 Qxb7 13. O-O O-O 14. Ne5
c6 15. f4 h6 16. Qf3 f5 17. Nd2 Nxe5 18. dxe5 Rfd8 19. Nb3 b5 20. Rfd1 Rd5 21.
Rxd5 cxd5 22. g4 Rf8 23. Nd4 Bc5 24. Kg2 Bxd4 25. cxd4 Qb6 26. gxf5 Qxd4 27.
Rf1 Rxf5 28. Rf2 Kh7 29. h4 g6 30. Kg3 g5 31. hxg5 hxg5 32. Qh5+ Kg7 33. Qe8
gxf4+ 34. Kg2 Rg5+ 35. Kh1 Qd1+ 36. Kh2 Qg1+ 0-1